100 largest solar system objects - Statistics

General Stats
  • This quiz has been taken 370 times
    145 since last reset
  • The average score is 34 of 101
Answer Stats
r. (km) Object % Correct
2440 Mercury
99%
695700 Sun
98%
6052 Venus
98%
6371 Earth
97%
3390 Mars
97%
69911 Jupiter
96%
24622 Neptune
96%
58232 Saturn
96%
25362 Uranus
96%
1188 Pluto
95%
1737 Moon
84%
470 Ceres
80%
1163 Eris
80%
1822 Io
79%
160 | 1561 Europa
76%
2634 Ganymede
76%
798 Haumea
75%
2575 Titan
75%
715 Makemake
68%
606 Charon
67%
2410 Callisto
66%
1353 Triton
64%
453 Sedna
63%
545 Quaoar
59%
455 Orcus
53%
252 Enceladus
52%
788 Titania
52%
419 Salacia
51%
764 Rhea
49%
370 Varda
47%
263 Vesta
47%
615 Gonggong
46%
198 Mimas
45%
585 Umbriel
43%
761 Oberon
42%
579 Ariel
41%
734 Iapetus
41%
531 Tethys
41%
561 Dione
39%
236 Miranda
39%
256 Pallas
36%
308 Dysnomia
34%
135 Hyperion
33%
170 Nereid
33%
127 Juno
30%
107 Phoebe
29%
210 Proteus
29%
216 Hygiea
23%
185 Hiʻiaka
21%
98 Chiron
20%
221 Vanth
20%
100 Weywot
20%
125 Chariklo
17%
112 Psyche
16%
355 Ixion
15%
327 Varuna
15%
197 Actaea
14%
398 Máni
12%
386 Achlys
11%
125 Hektor
11%
202 Ilmarë
11%
100 Iris
11%
137 Sylvia
11%
384 Aya
10%
208? Chaos
10%
203 Huya
10%
166 Interamnia
10%
149 Davida
9%
134 Euphrosyne
8%
132 Cybele
7%
108 Doris
7%
135 Eunomia
7%
106 Fortuna
7%
321 G!kúnǁ'hòmdímà
7%
98 Hebe
7%
136 Lempo
7%
104 Themis
7%
330 Uni
7%
340 Goibniu
5%
340 Ritona
5%
109 Thisbe
5%
102 Amphitrite
4%
114 Bamberga
4%
113 Patientia
4%
322 Rumina
4%
101 Egeria
3%
100 Elektra
3%
126 Hiisi
3%
105 Camilla
2%
112 Ceto
2%
110 Leleākūhonua
2%
124 Sila
2%
99 Bienor
1%
235 Dziewanna
1%
111 Herculina
1%
118 Nunam
1%
123 Altjira
0%
371 Chminigagua
0%
110 Hesperia
0%
283 Xewioso
0%
No matching quizzes found
Score Distribution
Percent of People with Each Score
Percentile by Number Answered
Your Score History
You have not taken this quiz since the last reset